000 00891nam a2200217Ia 4500
003 GCL
008 140319s9999 xx 000 0 ara d
040 _aGCL /
_cGCL
082 0 4 _a025.21
_bش ب
100 1 _aشعبان عبدالعزيز خليفة
245 1 0 _aبناء وتنمية المجموعات فى المكتبات ومراكز المعلومات :
_bدراسة فى الاسس النظرية والتطبيقات العملية /
_cشعبان عبدالعزيز خليفة
260 _aالقاهرة :
_bدار الثقافة العلمية
300 _a397 ص ؛
_c24 سم
650 0 4 _aمراكز المعلومات
650 0 4 _aالفهرسة
650 0 4 _aالمكتبات
650 0 4 _aالمكتبات - تنظيم وادارة
650 0 4 _aالتزويد ( مكتبات )
650 0 4 _aالمكتبات - المجموعات الخاصة
942 _2ddc
_cBK
999 _c6016
_d6016